[Event "Rio de Janeiro op"]
[Site "Rio de Janeiro"]
[Date "2022.04.23"]
[Round "5"]
[White "Cardoso, Marcio de Lucca"]
[Black "Lima, Marcio Roberto Oliv"]
[Result "1-0"]
[WhiteElo "1837"]
[BlackElo "1800"]
[PlyCount "125"]
[EventDate "2022.04.21"]
[EventType "swiss"]
[EventRounds "6"]
[EventCountry "BRA"]
[SourceTitle "EXT 2023"]
[Source "ChessBase"]
[SourceDate "2022.10.05"]
[SourceVersion "1"]
[SourceVersionDate "2022.10.05"]
[SourceQuality "1"]

1. e4 c5 2. Nf3 g6 3. d4 cxd4 4. Nxd4 Bg7 5. c4 Nc6 6. Be3 Nf6 7. Nc3 0-0 8. Be2 d6 9. Qd2 Ng4 10. Bxg4 Bxg4 11. 0-0 Re8 12. f3 Bd7 13. Rfd1 Ne5 14. b3 a6 15. Rac1 Nc6 16. Nde2 Be6 17. Nf4 Qc7 18. Ncd5 Qd8 19. Nb6 Rb8 20. Qf2 Ne5 21. c5 Nc6 22. cxd6 exd6 23. Rd2 Be5 24. Nd3 Bg7 25. Nb2 Qe7 26. Rcd1 Red8 27. N2c4 Bxc4 28. Nxc4 Bc3 29. Rxd6 Bb4 30. Rxd8+ Rxd8 31. Qc2 Rxd1+ 32. Qxd1 b5 33. Nb6 Bc5 34. Qd2 Qe5 35. Nd5 Bxe3+ 36. Nxe3 Qd4 37. Qxd4 Nxd4 38. Kf2 Kf8 39. Nd5 a5 40. Ke3 Ne6 41. h4 a4 42. bxa4 bxa4 43. Nc3 Ke7 44. Nxa4 Kd6 45. Nc3 Kc5 46. g4 Kb4 47. Nd5+ Ka3 48. Nf6 h6 49. Ng8 h5 50. gxh5 gxh5 51. Nf6 Ng7 52. Kf4 Kxa2 53. Kg5 Ne6+ 54. Kxh5 Kb3 55. Kg4 Kc4 56. h5 Kd4 57. f4 Kc5 58. h6 Nf8 59. f5 Kd6 60. h7 Nxh7 61. Nxh7 Ke5 62. Kf3 f6 63. Ke3 1-0